<?xml version="1.0" encoding="UTF-8"?><?xml-stylesheet type="text/xsl" href="static/style.xsl"?><OAI-PMH xmlns="http://www.openarchives.org/OAI/2.0/" xmlns:xsi="http://www.w3.org/2001/XMLSchema-instance" xsi:schemaLocation="http://www.openarchives.org/OAI/2.0/ http://www.openarchives.org/OAI/2.0/OAI-PMH.xsd"><responseDate>2026-04-14T06:51:25Z</responseDate><request verb="GetRecord" identifier="oai:www.recercat.cat:2445/168479" metadataPrefix="marc">https://recercat.cat/oai/request</request><GetRecord><record><header><identifier>oai:recercat.cat:2445/168479</identifier><datestamp>2025-11-20T10:50:38Z</datestamp><setSpec>com_2072_1057</setSpec><setSpec>col_2072_478857</setSpec><setSpec>col_2072_478901</setSpec><setSpec>col_2072_478917</setSpec></header><metadata><record xmlns="http://www.loc.gov/MARC21/slim" xmlns:dcterms="http://purl.org/dc/terms/" xmlns:xsi="http://www.w3.org/2001/XMLSchema-instance" xmlns:doc="http://www.lyncode.com/xoai" xsi:schemaLocation="http://www.loc.gov/MARC21/slim http://www.loc.gov/standards/marcxml/schema/MARC21slim.xsd">
   <leader>00925njm 22002777a 4500</leader>
   <datafield ind2=" " ind1=" " tag="042">
      <subfield code="a">dc</subfield>
   </datafield>
   <datafield ind2=" " ind1=" " tag="720">
      <subfield code="a">Garcia i Rubert, David</subfield>
      <subfield code="e">author</subfield>
   </datafield>
   <datafield ind2=" " ind1=" " tag="720">
      <subfield code="a">Gracia Alonso, Francisco, 1960-</subfield>
      <subfield code="e">author</subfield>
   </datafield>
   <datafield ind2=" " ind1=" " tag="260">
      <subfield code="c">2020-07-13T10:15:38Z</subfield>
   </datafield>
   <datafield ind2=" " ind1=" " tag="260">
      <subfield code="c">2020-07-13T10:15:38Z</subfield>
   </datafield>
   <datafield ind2=" " ind1=" " tag="260">
      <subfield code="c">2005</subfield>
   </datafield>
   <datafield ind2=" " ind1=" " tag="260">
      <subfield code="c">2020-07-13T10:15:39Z</subfield>
   </datafield>
   <datafield ind2=" " ind1=" " tag="520">
      <subfield code="a">Els treballs de recerca al poblat de la Primera Edat del Ferro de Sant Jaume-Mas d'en Serrà(Alcanar,Montsià) pel GRAP(Grup de Recerques en Arqueologia Protohistòrica), de la Universitat de Barcelona, s'han desenvolupat fins ara al llarg d'un total de cinc campanyes d'excavació arqueològica, entre els anys 1997 i 2001.Tot i que la intensitat dels treballs ha estat irregular i intermitent degut principalment als baixos pressupostos disponibles per a realitzar les actuacions, els resultats obtinguts fins al moment han estat certament espectaculars. Ens trobem davant d'un poblat de la Primera Edat del Ferro conservat pràcticament de forma íntegra, amb una qualitat del registre arqueològic molt allunyada, entre d'altres aspectes per la densitat del nombre de troballes i per la integritat de les estructures documentades, del que estem acostumats a documentar en el nostre país pel que fa a jaciments coetanis. Presentem en aquest treball una visió de conjunt del gran volum d'informació que fins al moment ha proporcionat l'estudi d'aquest important assentament de la comarca del Montsià.</subfield>
   </datafield>
   <datafield tag="653" ind2=" " ind1=" ">
      <subfield code="a">Primera edat del ferro</subfield>
   </datafield>
   <datafield tag="653" ind2=" " ind1=" ">
      <subfield code="a">Sant Jaume-Mas d'en Serrà (Alcanar, Catalunya : Jaciment arqueològic)</subfield>
   </datafield>
   <datafield tag="653" ind2=" " ind1=" ">
      <subfield code="a">Excavacions arqueològiques</subfield>
   </datafield>
   <datafield tag="653" ind2=" " ind1=" ">
      <subfield code="a">Hallstatt period</subfield>
   </datafield>
   <datafield tag="653" ind2=" " ind1=" ">
      <subfield code="a">Sant Jaume-Mas d'en Serrà Site (Alcanar, Catalonia)</subfield>
   </datafield>
   <datafield tag="653" ind2=" " ind1=" ">
      <subfield code="a">Archaeological excavations</subfield>
   </datafield>
   <datafield ind2="0" ind1="0" tag="245">
      <subfield code="a">Les darreres campanyes d'excavació al jaciment de la Primera Edat del Ferro de Sant Jaume-Mas d'en Serrà (Alcanar, Montsià)</subfield>
   </datafield>
</record></metadata></record></GetRecord></OAI-PMH>